| 000 | 00794cam a2200241 a 4500 | ||
|---|---|---|---|
| 003 | OSt | ||
| 005 | 20250616113515.0 | ||
| 008 | 171120s2011 ck r 000 0 spa d | ||
| 020 | _a9789586955614 | ||
| 040 |
_bspa _cCO-JMCR |
||
| 041 | 0 | _aspa | |
| 082 | 0 | 4 |
_a986.1063 _223 _bA69h |
| 100 | 1 |
_aArias Trujillo, Ricardo, _972084 |
|
| 245 | 1 |
_aHistoria de Colombia contemporanea / _cRicardo Arias Trujillo |
|
| 260 |
_aBogot (̀Colombia) _bUniversidad de los Andes _c2011 |
||
| 300 | _a200 pg̀inas | ||
| 490 | 0 | _aColección̤ ciclo básico | |
| 650 | 1 | 7 |
_aViolencia _xHistoria _zColombia _98227 |
| 651 | 4 |
_aColombia _xHistoria _y1920-2010 _989181 |
|
| 651 | 4 |
_aColombia _xPolítica y gobierno _xHistoria _y1920-2010 _989182 |
|
| 651 | 4 |
_aColombia _xDerecho constitucional _930641 |
|
| 942 |
_2DEWEY _cBK |
||
| 999 |
_c30823 _d17207 |
||